Metamorphism and metamorphic belts / (Record no. 13015)

MARC details
000 -LEADER
fixed length control field 01138nam a2200325 i 4500
001 - CONTROL NUMBER
control field 510120
003 - CONTROL NUMBER IDENTIFIER
control field EG-ScBUE
005 - DATE AND TIME OF LATEST TRANSACTION
control field 20260311102722.0
008 - FIXED-LENGTH DATA ELEMENTS--GENERAL INFORMATION
fixed length control field 851219r19811973enka f b 001 0 eng d
020 ## - INTERNATIONAL STANDARD BOOK NUMBER
International Standard Book Number 0045500266
040 ## - CATALOGING SOURCE
Original cataloging agency EG-ScBUE
Language of cataloging eng
Description conventions rda
Transcribing agency EG-ScBUE
Modifying agency EG-ScBUE
041 1# - LANGUAGE CODE
Language code of text/sound track or separate title eng
Language code of original and/or intermediate translations of text jpn
082 04 - DEWEY DECIMAL CLASSIFICATION NUMBER
Classification number 552.4
Item number MIY
Edition number 22
100 1# - MAIN ENTRY--PERSONAL NAME
Personal name Miyashiro, Akiho,
9 (RLIN) 9803
Relator term author.
240 10 - UNIFORM TITLE
Uniform title <a href="Henseigan to henseitai.">Henseigan to henseitai.</a>
Language of a work English
245 10 - TITLE STATEMENT
Title Metamorphism and metamorphic belts /
Statement of responsibility, etc by Akiho Miyashiro, professor of geology, State University of New York at Albany.
250 ## - EDITION STATEMENT
Edition statement Fifth impression.
264 #1 - PUBLICATION, DISTRIBUTION, ETC. (IMPRINT)
Place of publication, distribution, etc London :
Name of publisher, distributor, etc George Allen & Unwin,
Date of publication, distribution, etc 1981.
300 ## - PHYSICAL DESCRIPTION
Extent 492 pages :
Other physical details illustrations ;
Dimensions 23 cm
336 ## - CONTENT TYPE
Source rdacontent
Content type term text
Content type code txt
337 ## - MEDIA TYPE
Media type term unmediated
Source rdamedia
Media type code n
338 ## - CARRIER TYPE
Carrier type term volume
Carrier type code nc
Source rdacarrier
500 ## - GENERAL NOTE
General note Includes appendix.<br/>
504 ## - BIBLIOGRAPHY, ETC. NOTE
Bibliography, etc Includes bibliographical references and index.
546 ## - LANGUAGE NOTE
Language note Text in English ; translated from the original Japanese language.
650 #7 - SUBJECT ADDED ENTRY--TOPICAL TERM
Topical term or geographic name as entry element Metamorphism (Geology)
9 (RLIN) 9804
Source of heading or term BUEsh
655 ## - INDEX TERM--GENRE/FORM
Form subdivision Reading book
942 ## - ADDED ENTRY ELEMENTS (KOHA)
Source of classification or shelving scheme Dewey Decimal Classification
Koha item type Book - Borrowing
Holdings
Withdrawn status Lost status Source of classification or shelving scheme Damaged status Not for loan Collection code Home library Current library Shelving location Date acquired Source of acquisition Total Checkouts Full call number Barcode Date last seen Price effective from Koha item type
    Dewey Decimal Classification       Central Library Central Library First floor 09/12/2009 Donation   552.4 MIY 000018990 15/07/2025 09/12/2009 Book - Borrowing